| 000 | 00608nam a22002297a 4500 | ||
|---|---|---|---|
| 003 | Ost | ||
| 005 | 20260416145402.0 | ||
| 008 | 260414b |||||||| |||| 00| 0 eng d | ||
| 040 | _cBT-PhCST | ||
| 050 | _aD4674 | ||
| 082 |
_222 _a720.48 _bKOS |
||
| 100 | _aKoschany, Kean | ||
| 245 |
_aReBuilt : _btransformation pathways towards a regenerative built environment / |
||
| 260 | _bBauhaus Earth, | ||
| 300 |
_a97 p. ; _bill. ; _c28 cm. |
||
| 700 | _aSonam Choden | ||
| 700 | _aGupta, Arushi | ||
| 700 | _aHubmann, Georg | ||
| 700 | _aImsirovic, Tino | ||
| 700 | _aJamyang Penjore | ||
| 942 |
_2ddc _cAE |
||
| 999 |
_c10241 _d10241 |
||